000 00650nam a2200193 4500
003 OSt
005 20240724005248.0
006 a
008 240724b |||||||| |||| 00| 0 eng d
020 _a9781600813788
040 _aDWCL-Main lib.
_cOC
082 _22010 edition
_aGR. 423 N532 2010
245 _aThe new international Websters comprehensive dictionary of the English language: encyclopedia edition /
250 _a2010 edition
260 _aUSA :
_bTyphoon Media Corporation,
_cc2010.
300 _axxii,
_b1674 p. : ill. (some col.) ;
_c28 cm.
650 _a1. English language - Dictionaries.
942 _2ddc
_n0
_cGR
_e2010 edition
_kGR.
999 _c2628
_d2628